000 00656nam a2200253 a 4500
999 _c8753
_d8753
001 8753
003 BD-JhCC
005 20181105134016.0
008 180303s2010 ii a|||| |||| 001 0 eng d
020 _a8174090142
035 _a(BD-JhCC)8753
040 _aBD-JhCC
_dBD-JhCC
041 _aeng
082 _a621.3841
_bMIT 2010
100 _aMithal, G K
245 _aRadio Engineering :
_bPrinciples of Communication Systems /
_cG K Mithal
260 _aDelhi :
_bKhanna Publishers,
_c2010.
300 _a540 p. :
_bill. ;
_c22 cm.
504 _aIncludes index.
650 _aRadio
650 _aElectronics
942 _2ddc
_cBK
_01